000 00583cam a22002053a 4500
001 44572
003 PGUSA
005 20140828084022.0
008 140103s2014||||xxu|||||s|||||000 | eng d
040 _aPGUSA
_beng
042 _adc
245 1 0 _aPoints of Humour, Part II (of II)
_h[electronic resource] /
_cAnonymous
260 _bProject Gutenberg,
_c2014
506 _aPublic domain in the USA.
516 _aElectronic text
700 1 _aCruikshank, George,
_d1792-1878
830 0 _aProject Gutenberg
_v44572
856 4 0 _uhttp://www.gutenberg.org/ebooks/44572
942 _cEB
999 _c273823
_d273823